Patterns of caste tension; (Record no. 77568)
[ view plain ]
| 000 -LEADER | |
|---|---|
| fixed length control field | 00726cam a22002291 4500 |
| 001 - CONTROL NUMBER | |
| control field | sa 68000945 |
| 003 - CONTROL NUMBER IDENTIFIER | |
| control field | DLC |
| 005 - DATE AND TIME OF LATEST TRANSACTION | |
| control field | 20260227112428.0 |
| 008 - FIXED-LENGTH DATA ELEMENTS--GENERAL INFORMATION | |
| fixed length control field | 750801s1967 ii a b 000 0 eng |
| 010 ## - LIBRARY OF CONGRESS CONTROL NUMBER | |
| LC control number | sa 68000945 |
| 035 ## - SYSTEM CONTROL NUMBER | |
| System control number | (OCoLC)1499152 |
| 040 ## - CATALOGING SOURCE | |
| Original cataloging agency | DLC |
| Transcribing agency | FJUNF |
| Modifying agency | NcRS |
| -- | DLC |
| 042 ## - AUTHENTICATION CODE | |
| Authentication code | premarc |
| 050 00 - LIBRARY OF CONGRESS CALL NUMBER | |
| Classification number | HT720 |
| Item number | .S47 1967 |
| 082 ## - DEWEY DECIMAL CLASSIFICATION NUMBER | |
| Classification number | 301.44/0954/2 |
| 100 1# - MAIN ENTRY--PERSONAL NAME | |
| Personal name | Singh, K. K. |
| Fuller form of name | (Kailash Kumar), |
| Dates associated with a name | 1930- |
| 245 10 - TITLE STATEMENT | |
| Title | Patterns of caste tension; |
| Remainder of title | a study of intercaste tension and conflict |
| Statement of responsibility, etc. | [by] K. K. Singh. |
| 260 ## - PUBLICATION, DISTRIBUTION, ETC. | |
| Place of publication, distribution, etc. | Bombay, |
| -- | New York, |
| Name of publisher, distributor, etc. | Asia Pub. House, |
| Date of publication, distribution, etc. | [1967] |
| 300 ## - PHYSICAL DESCRIPTION | |
| Extent | xiv, 118 p. |
| Other physical details | illus. |
| Dimensions | 22 cm. |
| 504 ## - BIBLIOGRAPHY, ETC. NOTE | |
| Bibliography, etc. note | Bibliography: p. [120] |
| 650 #0 - SUBJECT ADDED ENTRY--TOPICAL TERM | |
| Topical term or geographic name entry element | Caste |
| Geographic subdivision | India |
| -- | Uttar Pradesh |
| Form subdivision | Case studies. |
No items available.